Novela postupov účtovania pre podnikateľov účtujúcich v sústave podvojného účtovníctva

Opatrením Ministerstva financií SR zo 6. decembra 2017 č. MF/14776/2017-74 bolo novelizované opatrenie č. 23054/2002-92, ktorým sa ustanovujú podrobnosti o postupoch účtovania a rámcovej účtovej osnove pre podnikateľov účtujúcich v sústave podvojného účtovníctva v znení neskorších predpisov. Novela...

Full description

Saved in:
Bibliographic Details
Main Author: Krišková, Petra, 1981-
Format: Book Chapter
Language:Slovak
Subjects:
Tags: Add Tag
No Tags, Be the first to tag this record!

MARC

LEADER 00000nla a2200000 4500
001 0247549
005 20240502073949.1
041 0 |a slo 
044 |a SK 
245 1 0 |a Novela postupov účtovania pre podnikateľov účtujúcich v sústave podvojného účtovníctva  |c Petra Krišková 
520 |a Opatrením Ministerstva financií SR zo 6. decembra 2017 č. MF/14776/2017-74 bolo novelizované opatrenie č. 23054/2002-92, ktorým sa ustanovujú podrobnosti o postupoch účtovania a rámcovej účtovej osnove pre podnikateľov účtujúcich v sústave podvojného účtovníctva v znení neskorších predpisov. Novela je účinná od 1.1.2018 a nadväzuje najmä na nové ustanovenia Obchodného zákonníka a Zákona o účtovníctve týkajúce kapitálového fondu z príspevkov. 
610 2 0 |a zákony 
610 2 0 |a postupy účtovné 
610 2 0 |a Slovensko 
610 2 0 |a účtovníctvo podvojné 
610 2 0 |a novelizácia 
610 2 0 |a podnikatelia 
100 1 |a Krišková, Petra, 1981-